Veselý život

Corporate Author: Vonička (hudební skupina)
Other Authors: Matula, Tomáš, 1983-, Matulová, Marie, Maňas, Václav, 1942-, Salčák, Vladimír, 1936-2013, Gurský, Zdeněk, 1954-, Kubeš, Ladislav, 1924-1998, Řepa, Josef, 1909-1978, Kotásek, František, 1934-2020, Tesařík, Jiří, Pfeffer, Vladimír, 1937-, Prajka, Metoděj, 1898-1962, Slabák, Jan, 1941-, Gurská, Miloslava, 1960-
Language: Czech
Published: [Dolní Bojanovice: Tonstudio Jaromír Rajchman, 2002?]
Physical Description: 1 zvuková deska (41:24) : digital ; 12 cm + 1 leták (12 x 12 cm)
Vydáno také na kazetě; JR 0063 4 431
Audio
Saved in:
LEADER 02351njm a2200529 a 4500
001 000758532
003 CZ BrMZK
005 20201014081306.0
007 sd fsngnnmmned
008 050107q2002 xr df g f cze d
028 0 0 |a JR 0063 2 431  |b Tonstudio Jaromír Rajchman 
040 |a BOA001  |b cze 
041 0 |d cze 
048 |a of  |b vu 
080 |a 784.4  |2 MRF 
080 |a 785.12  |2 MRF 
080 |a 78.085.2  |2 MRF 
080 |a (086.76) 
110 2 |a Vonička (hudební skupina) 
245 1 0 |a Veselý život  |h [zvukový záznam] 
260 |a [Dolní Bojanovice:  |b Tonstudio Jaromír Rajchman,  |c 2002?] 
300 |a 1 zvuková deska (41:24) :  |b digital ;  |c 12 cm +  |e 1 leták (12 x 12 cm) 
306 |a 004124 
500 |a Kompaktní deska 
505 0 0 |t Veselý život --  |t Od hor --  |t Háj, háj, háj --  |t Veselí bratři --  |t Moje první láska --  |t Boršičanka --  |t Z vesnice --  |t Ta skalickýá brána --  |t Šardičané --  |t Soutěžní --  |t Za tú horú --  |t Na zdraví --  |t Tři srdénka --  |t Can't help falling in love 
511 0 |a Zpívají: Jana Janošková, Jaroslav Snopek. Hraje malá dechová hudba Vonička z Nikolčic 
518 |a Nahráno ve studiu Pohoda v Břeclavi, srpen 2002 
530 |a Vydáno také na kazetě;  |d JR 0063 4 431 
650 0 4 |a dechová hudba(zpěv, dechový orchestr) 
655 7 |a kompaktní desky  |7 fd201991  |2 czenas 
700 1 |a Matula, Tomáš,  |d 1983-  |7 mzk2007390571  |4 cmp 
700 1 |a Matulová, Marie  |7 jx20090623005  |4 lyr 
700 1 |a Maňas, Václav,  |d 1942-  |7 jn20030516001  |4 cmp 
700 1 |a Salčák, Vladimír,  |d 1936-2013  |7 ola2003167582  |4 lyr 
700 1 |a Gurský, Zdeněk,  |d 1954-  |7 ola200208877  |4 cmp 
700 1 |a Kubeš, Ladislav,  |d 1924-1998  |7 jo2003183953  |4 cmp 
700 1 |a Řepa, Josef,  |d 1909-1978  |7 mzk2005280283  |4 cmp  |4 lyr 
700 1 |a Kotásek, František,  |d 1934-2020  |7 jn20000810065  |4 cmp  |4 lyr 
700 1 |a Tesařík, Jiří  |7 jx20040809026  |4 cmp  |4 lyr 
700 1 |a Pfeffer, Vladimír,  |d 1937-  |7 jn20000810061  |4 cmp  |4 lyr 
700 1 |a Prajka, Metoděj,  |d 1898-1962  |7 jn20000810066  |4 cmp 
700 1 |a Slabák, Jan,  |d 1941-  |7 jn20000710536  |4 cmp 
700 1 |a Gurská, Miloslava,  |d 1960-  |7 mzk2007390574  |4 lyr 
910 |a BOA001  |b CD-0012.062 
990 |a AV 
991 |b 200501 
996 6 |b 261H013242  |c CD-0012.062  |l MZK  |r Sklad / do 24 hodin  |n 0  |w 000758532  |u 000010  |a 1  |e BOA001  |j MZK50  |s P